Normal view
MARC view
- Kamal,Adil Ahmed
Entry Personal Name
001 - CONTROL NUMBER
- control field: 8458
003 - CONTROL NUMBER IDENTIFIER
- control field: NUST
005 - DATE AND TIME OF LATEST TRANSACTION
- control field: 20180117095509.0
008 - FIXED-LENGTH DATA ELEMENTS
- fixed length control field: 180117|| aca||aabn | a|a d
040 ## - CATALOGING SOURCE
- Original cataloging agency: NUST
- Transcribing agency: NUST
100 ## - HEADING--PERSONAL NAME
- Personal name: Kamal,Adil Ahmed
670 ## - SOURCE DATA FOUND
- Source citation: Work cat.: (NUST): Kamal,Adil Ahmed, Atlas Futuhat-e-Islamia (Atlas of Victories in Islam) urdu title اٹلس فُتوحاتِ اسلامیّه :, 2010.
